Statistiques concernant Reliez le personnage joué par Louis de Funès à son film

Cliquez ici pour prendre le quiz!

Statistiques générales

  • Ce quiz a été pris 677 fois
  • Le résultat moyen est 7 sur 13

Statistiques - réponses

HintRéponse% Correct
Ludovic CruchotLe Gendarme de Saint-Tropez
85%
Don SallusteLa Folie des grandeurs
76%
Victor PivertLes Aventures de Rabbi Jacob
71%
Charles DucheminL'aile ou la cuisse
66%
Paul JuveFantômas
60%
Hubert de TartasHibernatus
60%
JambierLa Traversée de Paris
56%
Léopold SaroyanLe Corniaud
56%
Stanislas LefortLa Grande Vadrouille
52%
Claude RatinierLa Soupe aux choux
48%
Guillaume Daubray-LacazeLa Zizanie
38%
Louis-Philippe FourchaumeLe Petit Baigneur
36%
Charles BosquierLes grandes vacances
29%

Distribution des résultats

Percentile par nombre de réponses

% des personnes avec chaque résultat

Votre développement - résultats

Vous n’avez pas pris ce quiz